000 00836cam8a220022900 4500
001 tmp15411971
003 UPRA
005 20190815105535.0
008 950808s1962 sw eng u
035 _a(Sirsi) r78916
035 _a(UPRA)tmp15411971
040 _cUPRA
100 1 _aSchneiders, Toni.
_6A38668.1
245 1 0 _aSweden :
_ba rhapsody in pictures /
_cwith a foreword by H.R.H. Prince Wilhelm of Sweden and an introduction by Alf Aberg ; photographs by Toni Schneiders and Erik Liljeroth and others.
260 _a[Malmo] :
_bAllhems Forlag,
_c[1962]
500 _aFirst published in 1959.
650 0 _aLiljeroth, Erik.
_6S30513.1
651 0 _aSweden -- Pictorial works.
_xSweden -- Pictorial works.
_6S4990.1
700 1 _aAberg, Alf.
_6A1401.1
949 _aDL613
_wlcc
_i-108588
_mMAIN
_tBOOK
_lON-SHELF
004 78916
999 _c68106
_d68106